| 000 | 00710nam a2200229 u 4500 | ||
|---|---|---|---|
| 005 | 20240229063547.0 | ||
| 008 | 111004s2006 r 000 0 eng d | ||
| 020 | _a9500727595 (10 dígitos) | ||
| 020 | _a9789500727594 (13 dígitos) | ||
| 035 | _aUPN01000182024 | ||
| 049 | _aI | ||
| 050 | 4 |
_aPZ76.3 _bC5.3 |
|
| 100 | 1 |
_aCis, Valeria, _d1975- _934604 |
|
| 245 | 1 | 0 |
_aCuando Verónica teje / _cValeria Cis. |
| 260 |
_aBuenos Aires : _bSudamericana, _cc2006. |
||
| 300 |
_a31 p. : _bprincipalmente il. col. |
||
| 440 | 0 | _aPuercoespín | |
| 650 | 0 |
_aAnimales _vCuentos y leyendas _9234 |
|
| 650 | 4 |
_aLiteratura infantil argentina _97511 |
|
| 650 | 4 |
_aLibros y lectura para niños _92290 |
|
| 905 | _aInfantil | ||
| 999 |
_c154127 _d154127 |
||